• 首页
  • 本馆介绍
  • 公告通知
  • 最新文献
  • 馆藏检索
  • 电子资源
  • 读者导购
  • 参考咨询
  • 我的图书馆
  • 登录
  • 详细信息显示
  • 放入我的书架
  • 预约/预借图书
  • 作者相关作品
  • 分类相关作品
  • 丛书相关作品
  • 出版社相关作品

书目信息

  • 表格格式
  • 工作单格式
  • 卡片格式
题名:
歌德谈话录
    
 
作者: 爱克曼 著 ;朱光潜 译
分册:  
出版信息: 北京   人民文学出版社  1978
页数: 289页
开本: 20cm
丛书名: 外国文艺理论丛书
单 册:
中图分类: I516.6
科图分类:
主题词: 文学--德国
电子资源:
ISBN:
000 00837nam0 2200289 45
001 0178002636
005 20060909153021.56
010    @dCNY0.91
091    @aCN@b10019.2623
100    @a19950725d1978 em y0chiy0121 ea
101 1  @achi@cger
102    @aCN@b110000
105    @ay z 000zy
200 10 @a歌德谈话录@AGe De Tan Hua Lu@f(德)爱克曼(J.P.Eckermann)著@F(De)Ai Ke Man(J.P.Eckermann)Zhu@g朱光潜译
210    @a北京@c人民文学出版社@d1978
215    @a289页@d20cm
225    @a外国文艺理论丛书
300    @a书名原文:Gesprache mit goethe
410    @12001 @a外国文艺理论丛书
510 1  @aGesprache mit goethe@zger
600  1 @a歌德@bJ.W.V.@x语录
606 0  @a文学@y德国
690    @aI516.6@v3
701  1 @a爱克曼@bJ.P.@4著
702  0 @a朱光潜@4译
801  0 @aCN@bNLC@c20060909
905    @dI516.6@e13@b79903@f1
    
    歌德谈话录/(德)爱克曼(J.P.Eckermann)著/朱光潜译.-北京:人民文学出版社,1978
    289页;20cm.-(外国文艺理论丛书)
    书名原文:Gesprache mit goethe
    
    ISBN :CNY0.91
    
●
相关链接 在E读中查询图书 在五车中查询图书 在当当中查询图书 在豆瓣中查询图书


正题名:歌德谈话录     索取号:I516.6/13         预约/预借

序号 登录号 条形码 馆藏地/架位号 状态 备注
1 0007339   202187490   密集书库/ [索取号:I516.6/13] 在馆    
2 0079903   001990171   第二借阅区/ [索取号:I516.6/13] 在馆    
3 0079904   000332866   第二借阅区/ [索取号:I516.6/13] 在馆    
4 0079905   000332740   第二借阅区/ [索取号:I516.6/13] 在馆    
5 0079906   000332786   第二借阅区/ [索取号:I516.6/13] 在馆    
6 0079907   000332820   第一样本阅览室/ [索取号:I516.6/13] 在馆    
7 0280556   002805566   第二借阅区/ [索取号:I516.6/13] 在馆    
8 0280557   002805575   第二借阅区/ [索取号:I516.6/13] 在馆    
9 0280558   002805584   第二借阅区/ [索取号:I516.6/13] 在馆    
10 0280559   002805593   第二借阅区/ [索取号:I516.6/13] 在馆    
11 0280560   002805600   第二借阅区/ [索取号:I516.6/13] 在馆    
12 0467276   204672764   密集书库/ [索取号:I516.6/13] 在馆    
唐山师范学院图书馆 欢迎您!
大连网信软件有限公司© 版权所有